<?xml version="1.0" encoding="UTF-8"?>
<record
    xmlns:xsi="http://www.w3.org/2001/XMLSchema-instance"
    xsi:schemaLocation="http://www.loc.gov/MARC21/slim http://www.loc.gov/standards/marcxml/schema/MARC21slim.xsd"
    xmlns="http://www.loc.gov/MARC21/slim">

  <leader>02268cam a2200349 i 4500</leader>
  <controlfield tag="001">on1019840288</controlfield>
  <controlfield tag="003">OCoLC</controlfield>
  <controlfield tag="005">20260511174551.0</controlfield>
  <controlfield tag="008">171211t20182018mau           001 0 eng c</controlfield>
  <datafield tag="010" ind1=" " ind2=" ">
    <subfield code="a">  2017051988</subfield>
  </datafield>
  <datafield tag="020" ind1=" " ind2=" ">
    <subfield code="a">9781633696082</subfield>
  </datafield>
  <datafield tag="035" ind1=" " ind2=" ">
    <subfield code="a">(OCoLC)1019840288</subfield>
  </datafield>
  <datafield tag="040" ind1=" " ind2=" ">
    <subfield code="a">MH/DLC</subfield>
    <subfield code="b">eng</subfield>
    <subfield code="e">rda</subfield>
    <subfield code="c">DLC</subfield>
    <subfield code="d">OCLCO</subfield>
    <subfield code="d">BDX</subfield>
    <subfield code="d">OCLCF</subfield>
    <subfield code="d">OCLCQ</subfield>
    <subfield code="d">YDX</subfield>
    <subfield code="d">JRZ</subfield>
    <subfield code="d">NGU</subfield>
    <subfield code="d">YDX</subfield>
    <subfield code="d">VP@</subfield>
  </datafield>
  <datafield tag="041" ind1=" " ind2=" ">
    <subfield code="a">eng</subfield>
  </datafield>
  <datafield tag="042" ind1=" " ind2=" ">
    <subfield code="a">pcc</subfield>
  </datafield>
  <datafield tag="049" ind1=" " ind2=" ">
    <subfield code="a">UPMM</subfield>
  </datafield>
  <datafield tag="050" ind1="0" ind2="0">
    <subfield code="a">HD42</subfield>
    <subfield code="b">.D43 2018</subfield>
  </datafield>
  <datafield tag="245" ind1="0" ind2="0">
    <subfield code="a">Dealing with difficult people.</subfield>
  </datafield>
  <datafield tag="246" ind1="1" ind2="4">
    <subfield code="a">Emotional intelligence : dealing with difficult people</subfield>
  </datafield>
  <datafield tag="260" ind1=" " ind2=" ">
    <subfield code="a">Boston, MA :</subfield>
    <subfield code="b">Harvard Business Review Press,</subfield>
    <subfield code="c">2018.</subfield>
  </datafield>
  <datafield tag="300" ind1=" " ind2=" ">
    <subfield code="a">viii, 141 pages ;</subfield>
    <subfield code="c">18 cm.</subfield>
  </datafield>
  <datafield tag="490" ind1=" " ind2=" ">
    <subfield code="a">HBR emotional intelligence series</subfield>
  </datafield>
  <datafield tag="505" ind1=" " ind2=" ">
    <subfield code="a">To resolve a conflict, first decide: is it hot or cold?: aim for warmth / Mark Gerzon &#x2014; Taking the stress out of stressful conversations: how to talk when you're emotionally entangled / Holly Weeks &#x2014; The secret to dealing with difficult people: it's about you : three new lenses to try on / Tony Schwartz &#x2014; How to deal with a mean colleague: stand up for yourself / Amy Gallo &#x2014; How to deal with a passive-aggressive colleague: don't accuse them / Amy Gallo &#x2014; How to work with someone who's always stressed out: celebrate their victories / Rebecca Knight &#x2014; How to manage someone who thinks everything is urgent: help them see the consequences / Liz Kislik &#x2014; Do you hate your boss?: managing up when personalities clash / Manfred F.R. Kets de Vries.</subfield>
  </datafield>
  <datafield tag="520" ind1=" " ind2=" ">
    <subfield code="a">At the heart of dealing with difficult people is handling their--and your own--emotions. How do you stay calm in a tough conversation? How do you stay unruffled in the face of passive-aggressive comments? And how do you know if you're difficult to work with?

This book explains the research behind our emotional response to awful colleagues and shows how to build the empathy and resilience to make those relationships more productive.</subfield>
  </datafield>
  <datafield tag="650" ind1=" " ind2="0">
    <subfield code="a">Conflict management</subfield>
    <subfield code="9">10</subfield>
  </datafield>
  <datafield tag="650" ind1=" " ind2="0">
    <subfield code="a">Problem employees</subfield>
    <subfield code="9">23378</subfield>
  </datafield>
  <datafield tag="650" ind1=" " ind2="0">
    <subfield code="a">Emotional intelligence</subfield>
    <subfield code="9">5274</subfield>
  </datafield>
  <datafield tag="650" ind1=" " ind2="0">
    <subfield code="a">Problem solving</subfield>
    <subfield code="9">8435</subfield>
  </datafield>
  <datafield tag="650" ind1=" " ind2="0">
    <subfield code="a">Work </subfield>
    <subfield code="x">Psychological aspects</subfield>
    <subfield code="9">8000</subfield>
  </datafield>
  <datafield tag="710" ind1=" " ind2=" ">
    <subfield code="a">Harvard Business Review Press (Firm)</subfield>
    <subfield code="9">25086</subfield>
    <subfield code="e">publisher</subfield>
  </datafield>
  <datafield tag="942" ind1=" " ind2=" ">
    <subfield code="2">lcc</subfield>
  </datafield>
  <datafield tag="952" ind1=" " ind2=" ">
    <subfield code="0">0</subfield>
    <subfield code="1">0</subfield>
    <subfield code="2">lcc</subfield>
    <subfield code="4">0</subfield>
    <subfield code="7">0</subfield>
    <subfield code="a">TBS</subfield>
    <subfield code="b">TBS</subfield>
    <subfield code="d">2025-10-22</subfield>
    <subfield code="l">1</subfield>
    <subfield code="o">HD42 HBR</subfield>
    <subfield code="p">B05713</subfield>
    <subfield code="q">2026-01-16</subfield>
    <subfield code="r">2025-12-02</subfield>
    <subfield code="s">2025-12-02</subfield>
    <subfield code="t">1</subfield>
    <subfield code="w">2025-10-22</subfield>
    <subfield code="y">1</subfield>
  </datafield>
  <datafield tag="999" ind1=" " ind2=" ">
    <subfield code="c">5082</subfield>
    <subfield code="d">5082</subfield>
  </datafield>
</record>
